000 01046nam a2200253Ia 4500
999 _c40997
_d40997
001 7645
003 GE_BSU
005 20240108170624.0
008 181216s1990||||ge |||||||||||||| ||geo||
020 _a5529005799
040 _cGE_BSU
041 _ageo
080 _a821.353.1-31 დ–79
100 _aდოჩანაშვილი, გურამ
_918694
245 _aსამოსელი პირველი :
_bრომანი /
_cგურამ დოჩანაშვილი ; რედ. ნ. იაშვილი ; მხატვ. ვ. რურუა.
250 _aმე-2 გამოცემა
264 _aთბილისი :
_bსაბჭ. საქართველო,
_c1990.
300 _a718 გვ. :
_b ილ. ;
_c20 სმ.
653 _aრომანი
653 _aსამოსელი პირველი
700 _aიაშვილი, ნ.
_eრედაქტორი
_94099
700 _a რურუა, ვ.
_eმხატვარი
_920961
942 _cBK
_2udc